000 00598nam a2200205Ii 4500
003 JO-AjNU
008 230606s9999||||xx |||||||||||||| ||und||
040 _aJO-AjNU
_beng
_erda
_cJO-AjNU
041 _aeng
050 1 4 _aHF5686 2008
100 3 _aArora,M.N,
_eauthor
_9349
245 0 0 _aCost and Management Accounting : Theory, Problems and Solutions
250 _a1 ed
264 3 1 _aMumbai: Himalaya Publishing House,2009
300 _aCh
336 _atext
_btxt
_2rdacontent
337 _aunmediated
_bn
_2rdamedia
338 _avolume
_bnc
_2rdacarrier
650 4 _aManagement Accounting
_9350
999 _aE183
_c183
_d183